FAO quarterly bulletin of statistics; 1997; N3

Sparad:
Bibliografiska uppgifter
Huvudupphovsman: FAO
Materialtyp: Bok
Språk:Undetermined
Publicerad: Rome FAO 1997
Ämnen:
Taggar: Lägg till en tagg
Inga taggar, Lägg till första taggen!
Thư viện lưu trữ: Trung tâm Học liệu Trường Đại học Cần Thơ
LEADER 00474nam a2200181Ia 4500
001 CTU_22584
008 210402s9999 xx 000 0 und d
082 |a 310 
082 |b F218/N97.3 
100 |a FAO 
245 0 |a FAO quarterly bulletin of statistics; 1997; N3 
245 0 |c FAO 
260 |a Rome 
260 |b FAO 
260 |c 1997 
650 |a statistics 
904 |i Nguyễn Quang Điền, 980518 
980 |a Trung tâm Học liệu Trường Đại học Cần Thơ